[Event "Doeberl Cup Minor 43rd"]
[Site "Canberra"]
[Date "2005.03.25"]
[Round "1"]
[White "Kang, Leo J"]
[Black "Maguire, Jesse"]
[Result "1-0"]
[WhiteElo "1066"]
[BlackElo "1540"]
[PlyCount "117"]
[EventDate "2005.03.25"]
[EventType "swiss"]
[EventRounds "7"]
[EventCountry "AUS"]
[SourceTitle "EXT 2009"]
[Source "ChessBase"]
[SourceDate "2008.11.26"]
[SourceVersion "1"]
[SourceVersionDate "2008.11.26"]
[SourceQuality "1"]

1. d4 d5 2. c4 c6 3. Nc3 Nf6 4. Nf3 dxc4 5. a4 Bf5 6. e3 e6 7. Bxc4 Nbd7 8. 0-0 Bd6 9. Re1 Ne4 10. Bd3 Ndf6 11. h3 Qc7 12. Qc2 Nxc3 13. bxc3 Bxd3 14. Qxd3 0-0 15. e4 e5 16. Bg5 Nd7 17. Nh4 h6 18. Be3 Rae8 19. Nf5 Nf6 20. Bxh6 Nh5 21. Qf3 g6 22. Nxd6 Qxd6 23. Bxf8 Rxf8 24. Red1 Nf6 25. Rab1 b6 26. d5 c5 27. c4 Nd7 28. Rd3 Kg7 29. g4 Rh8 30. Kg2 Nf6 31. Re1 Qd7 32. Ra3 Qd6 33. Qg3 Nd7 34. f4 exf4 35. e5 Nxe5 36. Qxf4 Re8 37. Rae3 f6 38. g5 fxg5 39. Qxg5 Nf7 40. Re7 Rxe7 41. Qxe7 Qf4 42. Rf1 Qg5+ 43. Qxg5 Nxg5 44. d6 Ne6 45. d7 Nd8 46. Rf3 a6 47. Kf2 Kg8 48. Ke3 Kg7 49. Ke4 g5 50. Kd5 g4 51. hxg4 Kg8 52. Kd6 b5 53. axb5 axb5 54. cxb5 c4 55. Kc7 Ne6+ 56. Kc8 c3 57. d8Q+ Nxd8 58. Kxd8 c2 59. Rc3 1-0